[Event "Lansing April Mini-Swiss.4"]
[Site "Lansing, MI"]
[Date "1991.04.07"]
[Round "1"]
[White "Sundeen, David"]
[Black "Aldrich, Jeff"]
[Result "0-1"]
[WhiteElo "1746"]
[BlackElo "1725"]
[PlyCount "70"]
[EventDate "1991.04.07"]

1. e4 c6 2. d4 d5 3. e5 Bf5 4. Bd3 Bxd3 5. Qxd3 e6 6. Nf3 Qb6 7. O-O Ne7 8. c3
Nf5 9. Nbd2 Nd7 10. Re1 Rc8 11. Nf1 c5 12. Be3 Be7 13. Qd2 O-O 14. Rab1 cxd4
15. Bxd4 Nxd4 16. Qxd4 Bc5 17. Qd2 f6 18. exf6 Nxf6 19. Ng3 Ng4 20. Nh1 Kh8 21.
Re2 Rf6 22. h3 Nh6 23. Ne5 Qd6 24. Rbe1 d4 25. cxd4 Bb4 26. Rc1 Bxd2 27. Rxc8+
Rf8 28. Rxf8+ Qxf8 29. Rxd2 Qb4 30. Rc2 g6 31. Rc8+ Ng8 32. Rc7 Qxd4 33. Nf7+
Kg7 34. Ng5+ Kh6 35. Nf3 Qd1+ 0-1

[Event "Lansing April Mini-Swiss.4"]
[Site "Lansing, MI"]
[Date "1991.04.07"]
[Round "3"]
[White "Aldrich, Jeff"]
[Black "Gatchalian, Felipe"]
[Result "1-0"]
[WhiteElo "1725"]
[BlackElo "1750"]
[PlyCount "95"]
[EventDate "1991.04.07"]

1. d4 Nf6 2. c4 g6 3. Nc3 Bg7 4. e4 d6 5. f4 c6 6. Nf3 O-O 7. Be2 Qb6 8. Rb1
Re8 9. e5 dxe5 10. fxe5 Ng4 11. h3 Nh6 12. Na4 Qc7 13. O-O Nf5 14. Bf4 e6 15.
Bd3 Qd8 16. Bxf5 exf5 17. d5 cxd5 18. cxd5 Nd7 19. Re1 b5 20. Nc3 a6 21. e6
fxe6 22. dxe6 Qb6+ 23. Be3 Qxe6 24. Ng5 Qc4 25. b3 Qc6 26. Rc1 Bb7 27. Nce4 Qd5
28. Qxd5+ Bxd5 29. Nd6 Red8 30. Bf4 h6 31. Ne6 Bxe6 32. Rxe6 g5 33. Bd2 Ne5 34.
Ba5 Rd7 35. Nxf5 Nf7 36. Nxg7 Kxg7 37. Rcc6 Rd1+ 38. Kh2 Rd5 39. Rg6+ Kf8 40.
Bb4+ Ke8 41. Rce6+ Kd8 42. Rg8+ Kc7 43. Rxa8 Kb7 44. Raxa6 Nd8 45. Reb6+ Kc7
46. Bd6+ Rxd6 47. Rxd6 Nb7 48. Rxh6 1-0

[Event "Lansing April Mini-Swiss.4"]
[Site "Lansing, MI"]
[Date "1991.04.07"]
[Round "2"]
[White "Aldrich, Jeff"]
[Black "Burch, Daniel"]
[Result "0-1"]
[WhiteElo "1725"]
[BlackElo "1726"]
[PlyCount "124"]
[EventDate "1991.04.07"]

1. d4 d5 2. c4 c6 3. Nc3 Nf6 4. Nf3 Bg4 5. Qb3 Qb6 6. e3 Qxb3 7. axb3 Bxf3 8.
gxf3 e6 9. e4 dxe4 10. fxe4 Bb4 11. f3 h6 12. Kf2 Nbd7 13. Rg1 g6 14. Bd3 Ke7
15. e5 Nh5 16. Ne4 b6 17. f4 a5 18. Be3 Ng7 19. d5 exd5 20. cxd5 cxd5 21. Nf6
Ke6 22. Nxd7 Kxd7 23. Bxb6 Ke6 24. Rac1 Rac8 25. Rc7 Rxc7 26. Bxc7 Bc5+ 27. Kg2
Bxg1 28. Kxg1 Nf5 29. Kf2 Nd4 30. Ke3 Nxb3 31. Bd6 f5 32. Bc2 a4 33. Kd3 Rc8
34. h4 Rc4 35. Bxb3 axb3 36. Ke3 Re4+ 37. Kf3 d4 38. Bb4 Kd5 39. Bd2 Kc4 40.
Ba5 Kd3 41. Bb6 Re3+ 42. Kf2 Re2+ 43. Kf3 Rxb2 44. e6 Re2 45. Bxd4 Rxe6 46. Ba1
Kc2 47. Kg3 b2 48. Bxb2 Kxb2 49. h5 gxh5 50. Kh4 Kc2 51. Kxh5 Kd3 52. Kh4 Ke3
53. Kg3 Rg6+ 54. Kh4 Kxf4 55. Kh5 Rg1 56. Kxh6 Ke5 57. Kh5 f4 58. Kh4 f3 59.
Kh3 Rg8 60. Kh2 f2 61. Kh1 f1=Q+ 62. Kh2 Qg2# 0-1

[Event "French Thematic"]
[Site "Farmington Hills, Mich."]
[Date "1991.04.12"]
[Round "2"]
[White "Moody, David"]
[Black "Gabbara, Faris"]
[Result "1-0"]
[WhiteElo "2057"]
[BlackElo "2160"]
[PlyCount "137"]
[EventDate "1991.04.12"]

1. e4 e6 2. d4 c5 3. d5 exd5 4. exd5 d6 5. Nc3 Nf6 6. Nf3 Be7 7. Be2 O-O 8. O-O
Nbd7 9. h3 Re8 10. Bf4 a6 11. a4 Bf8 12. a5 g6 13. Re1 Nh5 14. Bh2 Ndf6 15. Nd2
Bd7 16. Nc4 Qc7 17. Ra3 Bb5 18. Nxb5 axb5 19. Nb6 Ra7 20. Bxb5 Rxe1+ 21. Qxe1
Ng7 22. g4 h5 23. Rf3 Qd8 24. g5 Nxd5 25. Bc4 Qxg5+ 26. Rg3 Qe7 27. Qf1 Nxb6
28. axb6 Ra4 29. Rxg6 Qe4 30. Bd3 Qd4 31. Rh6 Be7 32. Qe1 Bf6 33. c3 Qh4 34.
Bh7+ Kf8 35. Bxd6+ Be7 36. Qxe7+ Qxe7 37. Bxe7+ Kxe7 38. Rc6 Ne6 39. Bf5 Ra6
40. Rc7+ Kf6 41. Bxe6 fxe6 42. Rxb7 c4 43. Rb8 Ke5 44. b7 Rb6 45. Kg2 Rxb2 46.
Kf3 Rb3 47. Ke2 Rb2+ 48. Ke3 Rb3 49. f4+ Kd6 50. Rd8+ Kc7 51. b8=Q+ Rxb8 52.
Rxb8 Kxb8 53. Kd4 Kb7 54. Kxc4 Kc6 55. h4 Kd7 56. Kc5 Ke7 57. Kc6 e5 58. fxe5
Ke6 59. c4 Kxe5 60. c5 Kf4 61. Kd5 Kg4 62. c6 Kxh4 63. c7 Kg3 64. c8=Q h4 65.
Ke4 h3 66. Qg8+ Kf2 67. Kf4 h2 68. Qg3+ Kf1 69. Qxh2 1-0

[Event "French Thematic"]
[Site "Farmington Hills, Mich."]
[Date "1991.04.12"]
[Round "1"]
[White "Michailoff, Martin"]
[Black "Moody, David"]
[Result "0-1"]
[WhiteElo "1957"]
[BlackElo "2057"]
[PlyCount "34"]
[EventDate "1991.04.12"]

1. e4 e6 2. d4 d5 3. Nc3 Bb4 4. e5 c5 5. Bd2 cxd4 6. Nb5 Bc5 7. Qg4 Ne7 8. b4
a6 9. bxc5 axb5 10. Bxb5+ Bd7 11. Bxd7+ Nxd7 12. Qxd4 Qc7 13. Ne2 Nf5 14. Qb2
O-O 15. f4 Nxc5 16. O-O Ne4 17. Be3 Nxe3 0-1

[Event "Trenton Mini-Swiss (April)"]
[Site "Trenton, Mich."]
[Date "1991.04.20"]
[Round "2"]
[White "Moody, David"]
[Black "Wright, William"]
[Result "1/2-1/2"]
[WhiteElo "2057"]
[BlackElo "2102"]
[PlyCount "60"]
[EventDate "1991.04.20"]

1. e4 e6 2. d4 d5 3. Nc3 Bb4 4. e5 c5 5. a3 Bxc3+ 6. bxc3 Ne7 7. Nf3 Bd7 8. a4
Nbc6 9. Bb5 Qa5 10. Qd2 c4 11. Ba3 f6 12. O-O O-O-O 13. Rfb1 h5 14. Bxc6 Nxc6
15. Bc5 Rdg8 16. Rb5 Qa6 17. Rab1 Nd8 18. Qc1 Bxb5 19. axb5 Qa5 20. Ra1 Qxb5
21. Rxa7 Nc6 22. Ra1 Nxe5 23. Nxe5 fxe5 24. Rb1 Qa6 25. Ra1 Qc6 26. Qg5 b6 27.
Ra6 Kb7 28. Rxb6+ Qxb6 29. Bxb6 Kxb6 30. Qxe5 Rh6 1/2-1/2

[Event "Trenton Mini-Swiss (April)"]
[Site "Trenton, Mich."]
[Date "1991.04.20"]
[Round "3"]
[White "Dlugas, Dan"]
[Black "Moody, David"]
[Result "0-1"]
[WhiteElo "1894"]
[BlackElo "2057"]
[PlyCount "108"]
[EventDate "1991.04.20"]

1. Nf3 Nf6 2. g3 d6 3. d4 g6 4. Bg2 Bg7 5. O-O O-O 6. c4 c5 7. Nc3 Nc6 8. e3
Bg4 9. h3 Bxf3 10. Bxf3 cxd4 11. exd4 Nd7 12. Be3 e5 13. d5 Na5 14. Be2 b6 15.
Qd2 Nf6 16. b4 Nb7 17. Kg2 Rc8 18. Rac1 Nd7 19. Nb5 f5 20. Nxa7 Ra8 21. Nc6 Qe8
22. f3 f4 23. Bf2 Ra3 24. Bd3 Nf6 25. Rfe1 fxg3 26. Bxb6 Nh5 27. Be3 Qa8 28.
Rc2 Nf4+ 29. Bxf4 exf4 30. Re7 Bf6 31. Re4 g5 32. c5 dxc5 33. bxc5 h5 34. d6
Qc8 35. Bc4+ Kg7 36. Qd5 g4 37. hxg4 hxg4 38. Rxf4 gxf3+ 39. Rxf3 Rxf3 40. Kxf3
Qh3 41. Rg2 Nxc5 42. Ke3 Na4 43. Ne7 Qh6+ 44. Kd3 Nb2+ 45. Ke2 Bg5 46. Nf5+
Rxf5 47. Qxf5 Nxc4 48. d7 Bh4 49. Qg4+ Bg5 50. Qxc4 Qh5+ 51. Kd3 Qf3+ 52. Kd4
Qxg2 53. Kc5 Qf2+ 54. Kc6 g2 0-1

[Event "Trenton Mini-Swiss (April)"]
[Site "Trenton, Mich."]
[Date "1991.04.20"]
[Round "1"]
[White "Burwell, Raymond"]
[Black "Moody, David"]
[Result "1/2-1/2"]
[WhiteElo "1873"]
[BlackElo "2057"]
[PlyCount "43"]
[EventDate "1991.04.20"]

1. e4 e5 2. Nf3 Nc6 3. Bb5 a6 4. Ba4 Nf6 5. O-O Be7 6. Re1 b5 7. Bb3 O-O 8. c3
d5 9. exd5 Nxd5 10. h3 Bb7 11. d4 exd4 12. Nxd4 Nxd4 13. Qxd4 Bf6 14. Qg4 Re8
15. Rd1 Qe7 16. Bd2 Rad8 17. Na3 b4 18. Re1 Qf8 19. Rxe8 Rxe8 20. Bxd5 Bxd5 21.
Nc2 Re4 22. Qd7 1/2-1/2

[Event "Toledo Memorial"]
[Site "Toledo, Ohio"]
[Date "1991.04.27"]
[Round "1"]
[White "Rincon, Helio"]
[Black "Moody, David"]
[Result "0-1"]
[WhiteElo "1781"]
[BlackElo "2057"]
[PlyCount "50"]
[EventDate "1991.04.27"]

1. e4 e5 2. Nf3 Nc6 3. Bb5 a6 4. Ba4 Nf6 5. O-O Be7 6. Re1 b5 7. Bb3 O-O 8. c3
d5 9. exd5 Nxd5 10. h3 Bb7 11. d4 exd4 12. cxd4 Bf6 13. Nc3 Nxc3 14. bxc3 Na5
15. Bc2 Nc4 16. Qd3 g6 17. Bf4 c5 18. Ne5 cxd4 19. cxd4 Rc8 20. Bb3 Qd5 21. Nf3
Rfd8 22. Be5 Nxe5 23. Rxe5 Qc6 24. Rc5 Qxc5 25. dxc5 Rxd3 0-1

[Event "Toledo Memorial"]
[Site "Toledo, Ohio"]
[Date "1991.04.27"]
[Round "2"]
[White "Moody, David"]
[Black "Laren, Phil"]
[Result "0-1"]
[WhiteElo "2057"]
[BlackElo "2230"]
[PlyCount "70"]
[EventDate "1991.04.27"]

1. e4 d5 2. exd5 Qxd5 3. Nc3 Qa5 4. d4 Nf6 5. Nf3 c6 6. Bc4 Bf5 7. O-O e6 8.
Re1 Bb4 9. Bd2 O-O 10. a3 Bxc3 11. b4 Qc7 12. Bxc3 Nbd7 13. Bb2 b5 14. Bd3 Bxd3
15. cxd3 Nd5 16. Rc1 a5 17. a4 Qb7 18. bxa5 Rxa5 19. Ba3 Rfa8 20. axb5 cxb5 21.
Bd6 b4 22. Ng5 N7f6 23. Ne4 Rb5 24. Nxf6+ Nxf6 25. Rc7 Qd5 26. Be5 Qd8 27. Qf3
b3 28. Qc6 Rab8 29. Ra7 b2 30. Rb1 Qe8 31. Qc7 Rc8 32. Ra8 Rxa8 33. Bxf6 Ra1
34. Qc2 Rxb1+ 35. Qxb1 gxf6 0-1

[Event "Toledo Memorial"]
[Site "Toledo, Ohio"]
[Date "1991.04.27"]
[Round "3"]
[White "Loar, Gary"]
[Black "Moody, David"]
[Result "1-0"]
[WhiteElo "2037"]
[BlackElo "2057"]
[PlyCount "113"]
[EventDate "1991.04.27"]

1. d4 Nf6 2. c4 c5 3. d5 e6 4. Nc3 exd5 5. cxd5 d6 6. e4 g6 7. f4 Bg7 8. Bb5+
Nfd7 9. a4 O-O 10. Nf3 a6 11. Be2 Re8 12. O-O Nf6 13. Nd2 Nbd7 14. Bf3 Rb8 15.
Nc4 Nb6 16. Ne3 Na8 17. Qd3 Nc7 18. a5 b5 19. axb6 Rxb6 20. Nc4 Rb4 21. Bd2 Nb5
22. Ne2 Nxd5 23. Bxb4 Nxb4 24. Qd2 Bb7 25. Nc3 Nd4 26. Rad1 d5 27. e5 dxc4 28.
Bxb7 Qd7 29. Be4 Rd8 30. Qe3 Qe7 31. Ne2 g5 32. Nxd4 cxd4 33. Rxd4 Rxd4 34.
Qxd4 gxf4 35. Qxc4 Bxe5 36. Qc8+ Kg7 37. Qg4+ Kf8 38. Bxh7 Qc5+ 39. Kh1 Nd5 40.
Qg8+ Ke7 41. Qg5+ Bf6 42. Qf5 Qc4 43. Qe4+ Qxe4 44. Bxe4 Ne3 45. Rb1 Nc4 46. b3
Nd2 47. Re1 Kd6 48. Bc2 Kc5 49. Re2 Bc3 50. Rf2 f3 51. gxf3 Kd4 52. Bd1 Kd3 53.
h4 a5 54. h5 Bd4 55. Rh2 Be5 56. h6 Kc3 57. Rh5 1-0

[Event "Toledo Memorial"]
[Site "Toledo, Ohio"]
[Date "1991.04.28"]
[Round "5"]
[White "Sison, Graciano"]
[Black "Moody, David"]
[Result "0-1"]
[WhiteElo "1771"]
[BlackElo "2057"]
[PlyCount "58"]
[EventDate "1991.04.27"]

1. e4 e5 2. d4 exd4 3. c3 dxc3 4. Bc4 cxb2 5. Bxb2 d5 6. Bxd5 Nf6 7. Bxf7+ Kxf7
8. Qxd8 Bb4+ 9. Qd2 Bxd2+ 10. Nxd2 Re8 11. Ngf3 c5 12. O-O Nc6 13. Rad1 Bg4 14.
Nc4 Nxe4 15. Nce5+ Nxe5 16. Nxe5+ Rxe5 17. Bxe5 Bxd1 18. Rxd1 Re8 19. Rd7+ Ke6
20. Rxg7 Kxe5 21. Rxb7 Rc8 22. Rxa7 c4 23. Re7+ Kd5 24. f3 Nf6 25. Kf2 c3 26.
Re1 c2 27. Rc1 Kd4 28. Ke2 Kc3 29. a4 Kb2 0-1

[Event "Toledo Memorial"]
[Site "Toledo, Ohio"]
[Date "1991.04.28"]
[Round "4"]
[White "Moody, David"]
[Black "Pace, Bill"]
[Result "0-1"]
[WhiteElo "2057"]
[BlackElo "1751"]
[PlyCount "86"]
[EventDate "1991.04.27"]

1. e4 e5 2. Nf3 Nf6 3. Bc4 Bc5 4. Nxe5 O-O 5. d4 Bb4+ 6. Bd2 Qe7 7. O-O Bxd2 8.
Nxd2 d6 9. Nef3 Bg4 10. Re1 Nc6 11. c3 Rfe8 12. Qc2 Nd7 13. Re3 Nf8 14. e5 dxe5
15. Nxe5 Nxe5 16. Rxe5 Qd7 17. Rae1 Ng6 18. Rxe8+ Rxe8 19. Rxe8+ Qxe8 20. Qe4
Qxe4 21. Nxe4 h6 22. f3 Bc8 23. Kf2 Kf8 24. Ke3 Nh4 25. g3 Nf5+ 26. Kd3 Nd6 27.
Nxd6 cxd6 28. Bd5 Ke7 29. c4 f6 30. b4 b6 31. c5 dxc5 32. bxc5 bxc5 33. dxc5
Ba6+ 34. Kc3 Kd7 35. Kb4 Kc7 36. Bc4 Bb7 37. Bb5 Bxf3 38. Ka5 Kb7 39. c6+ Bxc6
40. Bxc6+ Kxc6 41. Ka6 f5 42. h4 g5 43. a4 gxh4 0-1

[Event "Lansing May Mini-Swiss.3"]
[Site "Lansing, MI"]
[Date "1991.05.12"]
[Round "2"]
[White "Saulmon, Scott"]
[Black "Aldrich, Jeff"]
[Result "0-1"]
[WhiteElo "1654"]
[BlackElo "1725"]
[PlyCount "84"]
[EventDate "1991.05.12"]

1. e4 c6 2. d4 d5 3. exd5 cxd5 4. Bd3 Nc6 5. c3 Nf6 6. Nf3 Bg4 7. h3 Bh5 8. O-O
e6 9. Bf4 Be7 10. Nbd2 O-O 11. Re1 Rc8 12. Qb3 Na5 13. Qc2 a6 14. Ne5 b5 15. g4
Bg6 16. Nxg6 hxg6 17. b3 b4 18. c4 dxc4 19. Nxc4 Nxc4 20. Bxc4 Qxd4 21. Be5 Qc5
22. Rac1 Nd7 23. Bb2 Bg5 24. Rcd1 Nb6 25. Rxe6 fxe6 26. Bd4 Qe7 27. Qxg6 Nxc4
28. bxc4 Bf6 29. Be3 Qf7 30. Qe4 Bh4 31. f4 Rcd8 32. Rc1 Bg3 33. Rf1 Qf6 34.
Qf3 Bxf4 35. Qxf4 Qxf4 36. Bxf4 Rd4 37. Be5 Rxf1+ 38. Kxf1 Rxc4 39. Bd6 a5 40.
Bg3 Rc2 41. h4 Rxa2 42. Bc7 b3 0-1

[Event "Lansing May Mini-Swiss.3"]
[Site "Lansing, MI"]
[Date "1991.05.12"]
[Round "1"]
[White "Aldrich, Jeff"]
[Black "Vandenberg, V.E."]
[Result "1-0"]
[WhiteElo "1725"]
[BlackElo "1626"]
[PlyCount "63"]
[EventDate "1991.05.12"]

1. d4 b5 2. e4 Bb7 3. Nd2 a6 4. c4 bxc4 5. Bxc4 e6 6. Qb3 Qc8 7. Ngf3 Nf6 8. d5
Bc5 9. dxe6 dxe6 10. Ng5 O-O 11. Nxe6 Nc6 12. Nxc5 Rb8 13. Nxb7 Nd4 14. Qc3 c5
15. Nxc5 Nb5 16. Bxb5 Rxb5 17. Ncb3 Qg4 18. Qf3 Qc8 19. O-O Ng4 20. a4 Rh5 21.
h3 Nf6 22. Nd4 Re8 23. Re1 Ree5 24. b3 Reg5 25. Nf5 Qe6 26. Qc3 h6 27. Ng3 Rxh3
28. gxh3 Qxh3 29. Qf3 Nh5 30. Qg2 Qg4 31. Nf3 Nf4 32. Bxf4 1-0

[Event "Lansing May Mini-Swiss.3"]
[Site "Lansing, MI"]
[Date "1991.05.12"]
[Round "3"]
[White "Aldrich, Jeff"]
[Black "Rostrom, Richard"]
[Result "1-0"]
[WhiteElo "1725"]
[BlackElo "1663"]
[PlyCount "121"]
[EventDate "1991.05.12"]

1. d4 Nf6 2. c4 c5 3. d5 b5 4. cxb5 a6 5. bxa6 Bxa6 6. Nc3 d6 7. Nf3 g6 8. g3
Bg7 9. Bg2 O-O 10. O-O Nbd7 11. Re1 Nb6 12. e4 Nfd7 13. Bf4 Nc4 14. Qc2 Nce5
15. Nxe5 Nxe5 16. Bxe5 Bxe5 17. f4 Bd4+ 18. Kh1 Rb8 19. b3 Qa5 20. Rac1 Bc8 21.
Ne2 Bg7 22. Ng1 Ra8 23. Re2 Ba6 24. Rd2 Bd4 25. Rb1 Qb4 26. Nf3 Bc3 27. Rdd1
Bg7 28. Bf1 Bxf1 29. Rxf1 Qc3 30. Qxc3 Bxc3 31. Rf2 Ra7 32. Rc2 Bg7 33. b4 cxb4
34. Rxb4 Rfa8 35. e5 Rxa2 36. Rxa2 Rxa2 37. Rb7 Rf2 38. exd6 exd6 39. Ng5 Bf6
40. Nxf7 Rd2 41. Nxd6 Rb2 42. Rxb2 Bxb2 43. Kg2 Kf8 44. Kf3 Ba3 45. Nc4 Bc5 46.
Ke4 h5 47. Ke5 Bg1 48. h3 Bh2 49. g4 hxg4 50. hxg4 g5 51. Ke4 Bxf4 52. Kf5 Ke7
53. Ke4 Kd7 54. Kd4 Ke7 55. Kc5 Kd7 56. d6 Kc8 57. Kc6 Kd8 58. Nb6 Be3 59. Nd5
Bd2 60. Nc7 Bc1 61. Ne6+ 1-0

[Event "Boynton Action (May)"]
[Site "Detroit, Mich."]
[Date "1991.05.18"]
[Round "5"]
[White "Reeves, Andre"]
[Black "Moody, David"]
[Result "0-1"]
[WhiteElo "1139"]
[BlackElo "2057"]
[PlyCount "72"]
[EventDate "1991.05.18"]

1. b4 e5 2. Bb2 Bxb4 3. Bxe5 Nf6 4. Nf3 Nc6 5. e3 Nxe5 6. Nxe5 Qe7 7. f4 d6 8.
Nf3 Qxe3+ 9. Qe2 Qxe2+ 10. Bxe2 Nd5 11. O-O Nxf4 12. Bb5+ c6 13. Nd4 cxb5 14.
Rxf4 Bc5 15. Kh1 a6 16. Re4+ Kd8 17. Nc3 Bd7 18. Rae1 Re8 19. Rxe8+ Bxe8 20.
Nf5 g6 21. Nh6 Bd4 22. Nd5 Bg7 23. Rxe8+ Kxe8 24. Nc7+ Kd7 25. Nxa8 Bxh6 26.
Nb6+ Kc6 27. Nc8 Bg5 28. Na7+ Kb6 29. Nc8+ Kc7 30. Na7 Kb8 31. Nxb5 axb5 32. d3
Ka7 33. Kg1 Ka6 34. Kf2 Ka5 35. c3 Ka4 36. Ke2 Ka3 0-1

[Event "Boynton Action (May)"]
[Site "Detroit, Mich."]
[Date "1991.05.18"]
[Round "2"]
[White "Nixon, Peter"]
[Black "Moody, David"]
[Result "0-1"]
[WhiteElo "1639"]
[BlackElo "2057"]
[PlyCount "32"]
[EventDate "1991.05.18"]

1. d4 Nf6 2. c4 c5 3. d5 e6 4. Nc3 exd5 5. cxd5 d6 6. e4 g6 7. Bg5 Bg7 8. Be2
O-O 9. f4 Qa5 10. Bxf6 Bxf6 11. Qc2 b5 12. Bxb5 Bxc3+ 13. Qxc3 Qxb5 14. Nf3 Re8
15. Nd2 Bg4 16. h3 Qe2# 0-1

[Event "Boynton Action (May)"]
[Site "Detroit, Mich."]
[Date "1991.05.18"]
[Round "3"]
[White "Moody, David"]
[Black "Thompson, Dexter"]
[Result "0-1"]
[WhiteElo "2057"]
[BlackElo "2295"]
[PlyCount "64"]
[EventDate "1991.05.18"]

1. e4 e5 2. Nf3 Nc6 3. d4 exd4 4. Nxd4 Qh4 5. Nb5 Qxe4+ 6. Be2 Bb4+ 7. N1c3
Bxc3+ 8. bxc3 Kd8 9. Ba3 Qxg2 10. Bf3 Qg5 11. Be2 Nf6 12. Kf1 d5 13. Bc1 Bh3+
14. Ke1 Qe5 15. f4 Qe4 16. Rg1 Bg4 17. Kf2 Bxe2 18. Qxe2 Qxe2+ 19. Kxe2 a6 20.
Na3 Re8+ 21. Kf3 g6 22. Be3 Kd7 23. Rad1 Rad8 24. f5 Re5 25. fxg6 hxg6 26. c4
Rde8 27. Bc5 Rf5+ 28. Kg2 Re2+ 29. Kh1 Ne4 30. Rxd5+ Rxd5 31. cxd5 Ne5 32. Bd4
Nf3 0-1

[Event "Boynton Action (May)"]
[Site "Detroit, Mich."]
[Date "1991.05.18"]
[Round "1"]
[White "Moody, David"]
[Black "Makki, Hassan"]
[Result "1-0"]
[WhiteElo "2057"]
[BlackElo "1294"]
[PlyCount "97"]
[EventDate "1991.05.18"]

1. e4 e5 2. Nf3 Nc6 3. d4 d6 4. Bc4 Bg4 5. Nc3 Bxf3 6. Qxf3 Qf6 7. Qxf6 Nxf6 8.
dxe5 dxe5 9. Bg5 Be7 10. O-O-O O-O 11. Bxf6 Bxf6 12. Rd7 Rac8 13. Rhd1 Nd4 14.
Nd5 b5 15. Nxf6+ gxf6 16. Bd5 c6 17. Bb3 a5 18. c3 Nxb3+ 19. axb3 c5 20. Ra7
Ra8 21. Rdd7 a4 22. bxa4 bxa4 23. Rxf7 Rxf7 24. Rxa8+ Rf8 25. Rxf8+ Kxf8 26.
Kb1 Ke7 27. Ka2 Ke6 28. Ka3 f5 29. exf5+ Kxf5 30. Kxa4 e4 31. b4 cxb4 32. cxb4
Ke6 33. Ka5 Kd7 34. Kb6 Kc8 35. Ka7 Kc7 36. b5 Kc8 37. b6 Kd7 38. b7 Kc6 39.
b8=Q Kc5 40. Qe5+ Kc4 41. Kb6 Kd3 42. Kc5 Ke2 43. Qxe4+ Kxf2 44. g4 Kf1 45. Qc2
Kg1 46. Kd4 Kh1 47. Ke3 Kg1 48. Kf3 Kh1 49. Qg2# 1-0

[Event "Boynton Action (May)"]
[Site "Detroit, Mich."]
[Date "1991.05.18"]
[Round "4"]
[White "Moody, David"]
[Black "Grams, Paul"]
[Result "0-1"]
[WhiteElo "2057"]
[BlackElo "1823"]
[PlyCount "50"]
[EventDate "1991.05.18"]

1. Nc3 e5 2. e4 Nf6 3. Bc4 Bc5 4. d3 O-O 5. f4 exf4 6. Bxf4 Re8 7. Nge2 c6 8.
d4 Bb4 9. e5 d5 10. exf6 dxc4 11. fxg7 Bg4 12. O-O Bxc3 13. bxc3 Bxe2 14. Qd2
Bxf1 15. Rxf1 Re6 16. Qf2 Qe8 17. Qh4 Nd7 18. Rf3 Re1+ 19. Kf2 Qe2+ 20. Kg3
Qxc2 21. Be3 Re8 22. Qf4 Qg6+ 23. Kf2 Ra1 24. Rg3 Rxa2+ 25. Kf3 Qf6 0-1

[Event "Boynton Action (May)"]
[Site "Detroit, Mich."]
[Date "1991.05.18"]
[Round "6"]
[White "Brown, Stephen"]
[Black "Moody, David"]
[Result "0-1"]
[WhiteElo "1644"]
[BlackElo "2057"]
[PlyCount "66"]
[EventDate "1991.05.18"]

1. a3 a6 2. Nf3 b5 3. g3 Bb7 4. Bg2 g6 5. O-O Bg7 6. Nc3 d5 7. b4 d4 8. Na2 Nd7
9. Bb2 Nb6 10. Rb1 Nh6 11. d3 Nf5 12. c3 Na4 13. Ba1 dxc3 14. Qc2 Nd4 15. Nxd4
Bxg2 16. Kxg2 Qxd4 17. Rfc1 c5 18. Nxc3 Nxc3 19. Bxc3 Qxc3 20. Qxc3 Bxc3 21.
Rxc3 cxb4 22. axb4 Kd7 23. Rbc1 Rhc8 24. Rxc8 Rxc8 25. Rxc8 Kxc8 26. Kf3 Kb7
27. Ke4 Kb6 28. Kd5 a5 29. bxa5+ Kxa5 30. Kd4 b4 31. Ke3 Ka4 32. Kd2 Ka3 33.
Kc2 Ka2 0-1

[Event "Trenton Action (May)"]
[Site "Trenton, Mich."]
[Date "1991.05.19"]
[Round "4"]
[White "Moody, David"]
[Black "Sturgis, Derreck"]
[Result "1-0"]
[WhiteElo "2057"]
[BlackElo "1281"]
[PlyCount "79"]
[EventDate "1991.05.19"]

1. e4 c5 2. Nf3 Nc6 3. d4 cxd4 4. Nxd4 Nf6 5. Nc3 e5 6. Ndb5 d6 7. Nd5 Nxd5 8.
exd5 a6 9. dxc6 axb5 10. Bxb5 Qa5+ 11. c3 Qxb5 12. cxb7 Bxb7 13. a4 Qc4 14. f3
Be7 15. Bd2 O-O 16. b4 d5 17. Qe2 Qxe2+ 18. Kxe2 f5 19. b5 Bc5 20. Rhb1 e4 21.
fxe4 fxe4 22. Be3 Bxe3 23. Kxe3 Rac8 24. Kd2 Rc4 25. Rb4 Rxb4 26. cxb4 d4 27.
a5 e3+ 28. Kd3 Re8 29. a6 Bxg2 30. Kxd4 e2 31. Re1 Re4+ 32. Kc3 Re5 33. b6 Bf1
34. b7 Rb5 35. a7 Rd5 36. a8=Q+ Kf7 37. b8=Q Rd1 38. Qf3+ Kg6 39. Qbg3+ Kh6 40.
Qh4+ 1-0

[Event "Trenton Action (May)"]
[Site "Trenton, Mich."]
[Date "1991.05.19"]
[Round "2"]
[White "Moody, David"]
[Black "Cunningham, Robin"]
[Result "0-1"]
[WhiteElo "2057"]
[BlackElo "2265"]
[PlyCount "79"]
[EventDate "1991.05.19"]

1. e4 c6 2. d4 d5 3. exd5 cxd5 4. Bd3 Nc6 5. c3 Qc7 6. Ne2 Bg4 7. f3 Bh5 8. Bf4
Qd7 9. Bg3 Nf6 10. Nf4 e6 11. Qe2 Be7 12. Nd2 Bg6 13. h4 Nh5 14. Nxh5 Bxh5 15.
Bf4 Bg6 16. h5 Bxd3 17. Qxd3 Bd6 18. Qe3 O-O-O 19. Bxd6 Qxd6 20. Nb3 Qg3+ 21.
Kf1 Qd6 22. Nc5 b6 23. Nd3 f6 24. a4 e5 25. Kf2 exd4 26. cxd4 Rhe8 27. Qf4 Kb7
28. Qg4 Qe6 29. Qxe6 Rxe6 30. Nf4 Re7 31. Rhe1 Rdd7 32. Rxe7 Rxe7 33. Nxd5 Rd7
34. Nf4 Rxd4 35. Ke3 Rb4 36. h6 gxh6 37. Rh1 Rb3+ 38. Ke4 Rb4+ 39. Ke3 Ne7 40.
Rxh6 0-1

[Event "Trenton Action (May)"]
[Site "Trenton, Mich."]
[Date "1991.05.19"]
[Round "5"]
[White "Makris, Jimmy"]
[Black "Moody, David"]
[Result "0-1"]
[WhiteElo "1263"]
[BlackElo "2057"]
[PlyCount "72"]
[EventDate "1991.05.19"]

1. e4 e5 2. Nf3 Nc6 3. Bc4 Nf6 4. Nc3 Nxe4 5. Nxe4 d5 6. Bxd5 Qxd5 7. d3 Be7 8.
c4 Bb4+ 9. Bd2 Qxd3 10. Qe2 Bxd2+ 11. Nfxd2 Qxe2+ 12. Kxe2 Nd4+ 13. Kf1 Bf5 14.
h4 f6 15. h5 O-O-O 16. Nc3 Bd3+ 17. Kg1 Ne2+ 18. Nxe2 Bxe2 19. Nb3 Bxc4 20. Rh4
Bxb3 21. axb3 a6 22. b4 Rd4 23. Rxd4 exd4 24. Rd1 Rd8 25. Kf1 h6 26. Ke2 Rd5
27. g4 Kd7 28. Kd3 Ke6 29. f4 b6 30. Rc1 c5 31. bxc5 Rxc5 32. Rxc5 bxc5 33. Kc4
Kd6 34. b3 a5 35. Kd3 Kd5 36. f5 Ke5 0-1

[Event "Trenton Action (May)"]
[Site "Trenton, Mich."]
[Date "1991.05.19"]
[Round "3"]
[White "Lewis, James"]
[Black "Moody, David"]
[Result "1-0"]
[WhiteElo "1760"]
[BlackElo "2057"]
[PlyCount "87"]
[EventDate "1991.05.19"]

1. d4 Nf6 2. c4 c5 3. d5 e6 4. Nc3 exd5 5. Nxd5 Nxd5 6. Qxd5 d6 7. Nf3 Nc6 8.
Bd2 Be6 9. Qd3 Be7 10. Bc3 Bf6 11. e3 O-O 12. Be2 Ne5 13. Nxe5 Bxe5 14. Bf3
Bxc3+ 15. Qxc3 Rb8 16. Rd1 b5 17. cxb5 Rxb5 18. O-O Qb6 19. b3 Rc8 20. Rd2 c4
21. Rc1 g6 22. Qf6 cxb3 23. Rxc8+ Bxc8 24. Rxd6 Qxd6 25. Qxd6 b2 26. Qd8+ Kg7
27. Qd4+ f6 28. h3 b1=Q+ 29. Kh2 Qxa2 30. Qd8 Qe6 31. Qc7+ Qd7 32. Qc4 Qd6+ 33.
g3 Be6 34. Qxb5 Qd2 35. Qb7+ Kh6 36. Kg2 a5 37. Qe7 Qd7 38. Qxf6 Bxh3+ 39. Kh2
Bf1 40. Qf8+ Qg7 41. Qf4+ g5 42. Qa4 Qc3 43. Qe8 Qg7 44. Qh5# 1-0

[Event "Trenton Action (May)"]
[Site "Trenton, Mich."]
[Date "1991.05.19"]
[Round "1"]
[White "Borhani-Azar, Chris"]
[Black "Moody, David"]
[Result "0-1"]
[WhiteElo "1382"]
[BlackElo "2057"]
[PlyCount "54"]
[EventDate "1991.05.19"]

1. e4 e5 2. Nf3 Nc6 3. Bb5 a6 4. Bxc6 dxc6 5. d3 f6 6. Nc3 Ne7 7. O-O Bg4 8. h3
Bh5 9. Be3 Qd6 10. Ne2 Bxf3 11. gxf3 f5 12. f4 O-O-O 13. b3 fxe4 14. dxe4 Qg6+
15. Kh2 Rxd1 16. Raxd1 Qxe4 17. fxe5 Qxe5+ 18. Kg1 Nd5 19. Rd3 Bd6 20. f4 Qh5
21. Nc3 Nxe3 22. Rxe3 Bc5 23. Nd1 Qe2 24. Rf2 Qxd1+ 25. Rf1 Bxe3+ 26. Kg2 Qe2+
27. Kh1 Qxf1+ 0-1

[Event "Michigan Amateur"]
[Site "?"]
[Date "1991.05.25"]
[Round "2.7"]
[White "Profit, Brian"]
[Black "Aldrich, Jeff"]
[Result "0-1"]
[WhiteElo "1932"]
[BlackElo "1725"]
[PlyCount "76"]
[EventDate "1991.05.25"]

1. d4 d5 2. c4 e6 3. Nc3 Nf6 4. Bg5 Nbd7 5. Nf3 Be7 6. e3 c6 7. Rc1 O-O 8. Bd3
dxc4 9. Bxc4 b5 10. Bd3 Bb7 11. O-O a6 12. Qe2 Rc8 13. Rfd1 Qb6 14. e4 Bd8 15.
e5 Ne8 16. Bc2 Kh8 17. Rd3 c5 18. d5 exd5 19. Nxd5 Qe6 20. Rcd1 Bxg5 21. Nxg5
Qxe5 22. Qd2 Nef6 23. Nxf6 Nxf6 24. b3 h6 25. Nf3 Qc7 26. Nh4 c4 27. Rd4 c3 28.
Qd3 Rfe8 29. f3 Qe5 30. Nf5 Bd5 31. Kf2 Re6 32. Rxd5 Nxd5 33. Qxd5 Qe2+ 34. Kg1
Qxc2 35. Nd6 Re2 36. Nxf7+ Kh7 37. f4 Rd2 38. Rxd2 cxd2 0-1